[Event "Nezhmetdinov Cup 2013"]
[Site "?"]
[Date "2013.06.02"]
[Round "3.35"]
[White "Mischuk, Dmitry"]
[Black "Chumachenko, Alexander"]
[Result "1/2-1/2"]
[WhiteElo "2312"]
[BlackElo "2119"]
[PlyCount "81"]
[EventDate "2013.06.03"]

1. d4 d5 2. c4 c6 3. Nf3 Nf6 4. cxd5 cxd5 5. Nc3 Nc6 6. Bf4 Bf5 7. e3 e6 8. Bd3
Bxd3 9. Qxd3 Bd6 10. Bxd6 Qxd6 11. O-O O-O 12. Rfc1 Rfc8 13. h3 h6 14. Qe2 Qe7
15. a3 Na5 16. Nd2 Nc4 17. Nxc4 Rxc4 18. Qd1 Rac8 19. Ne2 Ne4 20. b3 Rxc1 21.
Rxc1 Qd7 22. Rxc8+ Qxc8 23. Qd3 Qc6 24. f3 Nf6 25. Kf2 Kf8 26. Qd2 b6 27. Qd3
Qc8 28. Qd2 Qc6 29. Qc3 Qxc3 30. Nxc3 a6 31. g4 Ke7 32. h4 Nd7 33. f4 f6 34.
Kf3 Kd6 35. Ke2 Nb8 36. Kd3 Nd7 37. Ne2 Ke7 38. Nc3 Kd6 39. e4 Nb8 40. exd5
exd5 41. f5 1/2-1/2

[Event "Nezhmetdinov Cup 2013"]
[Site "?"]
[Date "2013.06.02"]
[Round "3.38"]
[White "Kozionov, Kirill"]
[Black "Sazonova, Anastasia"]
[Result "1-0"]
[WhiteElo "2272"]
[BlackElo "2097"]
[PlyCount "57"]
[EventDate "2013.06.03"]

1. d4 Nf6 2. c4 g6 3. Nc3 Bg7 4. e4 d6 5. h3 O-O 6. Be3 Nc6 7. d5 Nb8 8. Nf3 c6
9. Be2 Nbd7 10. O-O c5 11. a3 Ne8 12. Qc2 f5 13. exf5 gxf5 14. Ng5 Ne5 15. f4
Ng6 16. Bd3 Nc7 17. g4 Nh4 18. Bf2 Ng6 19. Bxf5 Bxf5 20. gxf5 Nxf4 21. f6 Nxh3+
22. Nxh3 Rxf6 23. Ne4 Rg6+ 24. Kh2 Qd7 25. Rg1 Rh6 26. Qc3 Ne8 27. Rg2 Kh8 28.
Rag1 Nf6 29. Rxg7 1-0

[Event "Nezhmetdinov Cup 2013"]
[Site "?"]
[Date "2013.06.02"]
[Round "3.40"]
[White "Krotiuk, Daria"]
[Black "Bulatov, Ramil"]
[Result "0-1"]
[WhiteElo "1916"]
[BlackElo "2221"]
[PlyCount "60"]
[EventDate "2013.06.03"]

1. e4 c5 2. Nf3 d6 3. d4 cxd4 4. Qxd4 a6 5. c4 Nc6 6. Qd2 Nf6 7. Nc3 g6 8. b3
Bg7 9. Bb2 O-O 10. Rc1 Ng4 11. Qc2 Nb4 12. Qe2 Qb6 13. Rd1 Qa5 14. Rd2 Nxa2 15.
Nxa2 Bxb2 16. Kd1 Qxa2 17. Rxb2 Qa1+ 18. Kc2 f5 19. e5 dxe5 20. Nxe5 f4 21.
Nxg4 Bf5+ 22. Kc3 Qa5+ 23. b4 Qa3+ 24. Rb3 Qc1+ 25. Kd4 Rad8+ 26. Kc5 Bxg4 27.
Qxg4 Rd6 28. b5 Qd2 29. bxa6 Qa5+ 30. Rb5 b6# 0-1

[Event "Nezhmetdinov Cup 2013"]
[Site "?"]
[Date "2013.06.02"]
[Round "3.42"]
[White "Yeletsky, Ivan"]
[Black "Lyutov, Timofey"]
[Result "0-1"]
[WhiteElo "2144"]
[BlackElo "1856"]
[PlyCount "150"]
[EventDate "2013.06.03"]

1. e4 c5 2. f4 Nc6 3. Nf3 g6 4. Bb5 Bg7 5. O-O e6 6. Bxc6 bxc6 7. d3 Ne7 8. c4
O-O 9. Nc3 d5 10. Qe1 Ba6 11. b3 d4 12. Na4 Bc8 13. Nxc5 Qd6 14. Qa5 f6 15. Na4
e5 16. Qc5 Qc7 17. Ba3 Re8 18. fxe5 fxe5 19. Qd6 Qxd6 20. Bxd6 Bg4 21. h3 Bxf3
22. Rxf3 Nc8 23. Ba3 Nb6 24. Nb2 Bf8 25. Bxf8 Rxf8 26. Raf1 Rxf3 27. Rxf3 Kg7
28. Rf1 c5 29. Rb1 a5 30. Na4 Nd7 31. Kf2 Rb8 32. Ke2 Kg8 33. Nb2 Nb6 34. Nd1
Nd7 35. Nf2 a4 36. Nh1 a3 37. Ng3 Nb6 38. Rf1 Kg7 39. h4 Na8 40. Nh1 Nc7 41.
Nf2 Na6 42. Rd1 Nb4 43. Rd2 Kf6 44. Kd1 Ke6 45. g3 Rf8 46. Ke2 Rg8 47. Nh3 h6
48. Ng1 g5 49. Nh3 gxh4 50. gxh4 Rg2+ 51. Nf2 Rg1 52. Nd1 Rh1 53. Kf3 Rh3+ 54.
Ke2 Rxh4 55. Nf2 Rh5 56. Kf3 Rg5 57. Rd1 h5 58. Rh1 Kf6 59. Nh3 Rg4 60. Nf2
Rf4+ 61. Kg2 Kg6 62. Rd1 h4 63. Rd2 Kh5 64. Re2 Rf8 65. Rd2 Rg8+ 66. Kh2 Rg3
67. Kh1 h3 68. Rd1 Kh4 69. Rb1 Rg2 70. Rf1 Kg3 71. Rg1 Kxf2 72. Rf1+ Kg3 73.
Rf3+ Kg4 74. Rxh3 Rg1+ 75. Kh2 Rh1+ 0-1

[Event "Nezhmetdinov Cup 2013"]
[Site "?"]
[Date "2013.06.02"]
[Round "3.43"]
[White "Fakhrutdinov, Timur"]
[Black "Gromak, Ivan"]
[Result "1/2-1/2"]
[WhiteElo "2128"]
[BlackElo "1894"]
[PlyCount "80"]
[EventDate "2013.06.03"]

1. e4 c5 2. Nf3 e6 3. d4 cxd4 4. Nxd4 Nf6 5. Nc3 d6 6. Be2 Be7 7. O-O O-O 8. f4
Nc6 9. Be3 e5 10. Nf5 Bxf5 11. exf5 exf4 12. Rxf4 d5 13. Kh1 Bd6 14. Rf1 Re8
15. Bg5 d4 16. Nd5 Be5 17. Bf3 h6 18. Nxf6+ Bxf6 19. Bf4 Qd7 20. Qd2 Ne5 21.
Rad1 Nxf3 22. Rxf3 Qe7 23. Rg3 h5 24. h3 Qe2 25. Rb3 b6 26. Rf3 Rac8 27. Rf2
Qb5 28. Bg5 Bxg5 29. Qxg5 f6 30. Qxh5 Qxb2 31. Rf4 Qxc2 32. Rfxd4 Qc3 33. Qh4
Rc7 34. Re4 Qc6 35. Rg4 Rce7 36. Rf1 Qc3 37. Rg3 Re3 38. Rxe3 Rxe3 39. Rd1 Qc7
40. Qd4 Re5 1/2-1/2

[Event "Nezhmetdinov Cup 2013"]
[Site "?"]
[Date "2013.06.02"]
[Round "3.45"]
[White "Matsenko, Elena"]
[Black "Shaydullina, Sandugach"]
[Result "0-1"]
[WhiteElo "1966"]
[BlackElo "2160"]
[PlyCount "146"]
[EventDate "2013.06.03"]

1. e4 c5 2. Nf3 d6 3. d4 cxd4 4. Qxd4 Nc6 5. Bb5 Qa5+ 6. Nc3 Qxb5 7. Nxb5 Nxd4
8. Nfxd4 Kd8 9. Be3 Nf6 10. f3 Bd7 11. Nc3 a6 12. Kf2 g6 13. Rad1 Bg7 14. Rd2
Rc8 15. Rhd1 Kc7 16. Nde2 Rhd8 17. g4 Bc6 18. Nd4 Nd7 19. Nce2 Ne5 20. Nxc6
bxc6 21. b3 a5 22. h3 a4 23. f4 Nd7 24. Bd4 Bxd4+ 25. Nxd4 Nc5 26. Kf3 d5 27.
exd5 cxd5 28. Nb5+ Kb6 29. bxa4 Nxa4 30. Rb1 Ka5 31. Nd4 Rc3+ 32. Rd3 Ka6 33.
Rb4 Rxd3+ 34. cxd3 Nc5 35. Ke3 Rc8 36. Rb2 g5 37. fxg5 e5 38. Nb3 d4+ 39. Ke2
Ne6 40. h4 Nf4+ 41. Kf3 Nxd3 42. Rd2 Rc3 43. Ke4 Ne1 44. Rf2 Re3+ 45. Kd5 Nf3
46. Nc5+ Ka7 47. Rb2 d3 48. Kc6 Nd4+ 49. Kc7 Ne6+ 50. Nxe6 fxe6 51. Rb3 Ka6 52.
h5 d2 53. Rb6+ Ka5 54. Rd6 Rc3+ 55. Kd7 e4 56. g6 hxg6 57. hxg6 Rd3 58. Rxd3
exd3 59. g7 d1=Q 60. g8=Q Qa4+ 61. Ke7 Qb4+ 62. Kf6 Qd4+ 63. Ke7 d2 64. Qa8+
Kb5 65. Qe8+ Kc4 66. Qa4+ Kd3 67. Qd1 Qd5 68. a4 Kc3 69. a5 Qxa5 70. Kxe6 Qa2+
71. Kf6 Qc2 72. Qf3+ Kb2 73. Qb7+ Kc1 0-1

[Event "Nezhmetdinov Cup 2013"]
[Site "?"]
[Date "2013.06.02"]
[Round "3.47"]
[White "Padikov, Denis"]
[Black "Ioffe, Dmitry"]
[Result "0-1"]
[WhiteElo "1820"]
[BlackElo "2138"]
[PlyCount "48"]
[EventDate "2013.06.03"]

1. d4 Nf6 2. Nf3 b6 3. c4 Bb7 4. Nc3 e6 5. g3 Bb4 6. Bg2 O-O 7. O-O Bxc3 8.
bxc3 Be4 9. Nh4 Bxg2 10. Kxg2 d6 11. d5 Nbd7 12. Bg5 h6 13. Bxf6 Qxf6 14. Qd4
exd5 15. Qxd5 Nc5 16. Qd4 Qe6 17. Nf5 Qxf5 18. f3 Rfe8 19. e4 Qd7 20. h4 Re5
21. Rfe1 Rae8 22. g4 Nxe4 23. Kh3 Nc5 24. Rxe5 Rxe5 0-1

[Event "Nezhmetdinov Cup 2013"]
[Site "?"]
[Date "2013.06.02"]
[Round "3.48"]
[White "Trushina, Marina"]
[Black "Konovalov, Roman"]
[Result "0-1"]
[WhiteElo "1739"]
[BlackElo "2044"]
[PlyCount "112"]
[EventDate "2013.06.03"]

1. e4 c5 2. Nf3 d6 3. d4 cxd4 4. Qxd4 Nc6 5. Bb5 Bd7 6. Bxc6 Bxc6 7. Nc3 Nf6 8.
Bg5 h6 9. Bxf6 gxf6 10. O-O-O e6 11. Rhe1 Rg8 12. Nh4 Be7 13. Nd5 Bxd5 14. exd5
f5 15. Nf3 e5 16. Qb4 Qd7 17. g3 O-O-O 18. Kb1 Kb8 19. Nd2 Rg4 20. Qc3 Rc8 21.
Qd3 Rd4 22. Qf3 e4 23. Qe3 Rxd5 24. Qxh6 Rdc5 25. c3 b5 26. Nb3 Rc4 27. Na5 Ra4
28. Nb3 b4 29. cxb4 Rxb4 30. Rc1 Rxc1+ 31. Rxc1 Rb6 32. Qh8+ Kb7 33. Qd4 d5 34.
Na5+ Ka6 35. Nc4 Rb4 36. Ne5 Rxd4 37. Nxd7 Kb7 38. Ne5 Rd2 39. Rc2 Rd1+ 40. Rc1
Rxc1+ 41. Kxc1 Bc5 42. Nxf7 f4 43. Nd8+ Kb6 44. Ne6 Bxf2 45. Nxf4 Kc5 46. Ne2
d4 47. Kd2 d3 48. Nc3 Kd4 49. Nb5+ Ke5 50. Nc7 Bb6 51. Nb5 a6 52. Nc3 Kd4 53.
a3 Ba5 54. b4 e3+ 55. Kd1 Kxc3 56. bxa5 d2 0-1

[Event "Nezhmetdinov Cup 2013"]
[Site "?"]
[Date "2013.06.02"]
[Round "3.49"]
[White "Rivonenko, Vladislav"]
[Black "Murtazin, Ruslan"]
[Result "1-0"]
[WhiteElo "2026"]
[BlackElo "1710"]
[PlyCount "75"]
[EventDate "2013.06.03"]

1. e4 c5 2. Nf3 e6 3. Nc3 a6 4. Be2 b5 5. O-O Bb7 6. d3 Be7 7. Re1 d6 8. Bf1
Nd7 9. d4 cxd4 10. Nxd4 Ngf6 11. f3 O-O 12. Be3 Ne5 13. Kh1 Nc4 14. Bc1 Rc8 15.
a4 b4 16. Nb1 Nh5 17. b3 Nb6 18. a5 Nd7 19. g3 Re8 20. Be3 Bf8 21. Nd2 g6 22.
Nc4 Ne5 23. Nb6 Rc7 24. Bg2 Bg7 25. g4 Nf6 26. Ra4 d5 27. Bf4 Nexg4 28. Bxc7
Nf2+ 29. Kg1 Nxd1 30. Bxd8 Nxe4 31. Rxb4 Nec3 32. Bh4 Na2 33. Rxd1 Nxb4 34. c3
Nc6 35. Nxc6 Bxc6 36. c4 dxc4 37. bxc4 Bf8 38. Nd7 1-0

[Event "Nezhmetdinov Cup 2013"]
[Site "?"]
[Date "2013.06.02"]
[Round "3.50"]
[White "Kozina, Anastasia"]
[Black "Ovchinnikov, Vsevolod"]
[Result "1/2-1/2"]
[WhiteElo "1733"]
[BlackElo "2006"]
[PlyCount "62"]
[EventDate "2013.06.03"]

1. e4 e6 2. d4 d5 3. Nd2 Nf6 4. e5 Nfd7 5. Bd3 c5 6. c3 Nc6 7. Ne2 cxd4 8. cxd4
f6 9. exf6 Qxf6 10. Nf3 h6 11. O-O Bd6 12. Re1 O-O 13. Ng3 e5 14. dxe5 Ndxe5
15. Be2 Be6 16. Be3 Ng4 17. Bd4 Nxd4 18. Qxd4 Qf7 19. h3 Nf6 20. Bd3 Nd7 21. b4
a5 22. Rxe6 Qxe6 23. Re1 Qf7 24. Nf5 Bxb4 25. Qg4 Kh8 26. N3h4 Rfe8 27. Ng6+
Kg8 28. Nge7+ Kf8 29. Ng6+ Kg8 30. Nge7+ Kh8 31. Ng6+ Kg8 1/2-1/2

[Event "Nezhmetdinov Cup 2013"]
[Site "?"]
[Date "2013.06.02"]
[Round "3.52"]
[White "Kurninov, Andrei"]
[Black "Khusnutdinova, Alsu"]
[Result "0-1"]
[WhiteElo "1707"]
[BlackElo "2001"]
[PlyCount "72"]
[EventDate "2013.06.03"]

1. e4 e5 2. Nf3 Nc6 3. Bc4 Bc5 4. b4 Bxb4 5. c3 Bc5 6. d4 exd4 7. O-O d6 8.
cxd4 Bb6 9. Ng5 Nh6 10. Be3 O-O 11. Nc3 Ng4 12. Qf3 Qf6 13. Qxf6 Nxf6 14. Nf3
Re8 15. Rfe1 Ba5 16. Bd2 Bg4 17. Ng5 Bh5 18. Bb5 h6 19. e5 hxg5 20. Bxc6 bxc6
21. exf6 gxf6 22. Nd5 Bxd2 23. Nxf6+ Kf8 24. Rxe8+ Rxe8 25. Nxh5 Bc3 26. Rd1
Bxd4 27. h4 c5 28. hxg5 Re2 29. Rf1 Rxa2 30. Nf4 a5 31. g4 a4 32. g6 Rxf2 33.
Rxf2 Bxf2+ 34. Kxf2 a3 35. gxf7 a2 36. g5 Kxf7 0-1

[Event "Nezhmetdinov Cup 2013"]
[Site "Kazan"]
[Date "2013.06.03"]
[Round "4.1"]
[White "Dzhumaev, Marat"]
[Black "Aleksandrov, Aleksej"]
[Result "0-1"]
[WhiteElo "2549"]
[BlackElo "2617"]
[PlyCount "53"]
[EventDate "2013.??.??"]

1. e4 e5 2. Nf3 Nc6 3. Nc3 Nf6 4. Bb5 Nd4 5. Ba4 Bc5 6. O-O O-O 7. d3 c6 8. h3
d5 9. Bg5 h6 10. Bh4 Nxf3+ 11. Qxf3 g5 12. Bg3 g4 13. Qe2 gxh3 14. exd5 Nxd5
15. Ne4 Bb6 16. Qh5 Kh7 17. Bb3 f5 18. Rad1 fxe4 19. dxe4 Rg8 20. Kh2 Bg4 21.
Qxe5 Rg5 22. Rxd5 cxd5 23. Qf4 hxg2 24. Re1 Qf8 25. exd5 Qxf4 26. Bxf4 Bxf2 27.
Ra1 0-1

[Event "Nezhmetdinov Cup 2013"]
[Site "Kazan"]
[Date "2013.06.03"]
[Round "4.2"]
[White "Ulibin, Mikhail"]
[Black "Kovalenko, Igor"]
[Result "1/2-1/2"]
[WhiteElo "2523"]
[BlackElo "2596"]
[PlyCount "103"]
[EventDate "2013.??.??"]

1. d4 Nf6 2. c4 e6 3. Nc3 Bb4 4. f3 d5 5. a3 Bxc3+ 6. bxc3 c5 7. cxd5 exd5 8.
e3 Qc7 9. Ne2 O-O 10. Nf4 Re8 11. Kf2 h5 12. Bd3 Nc6 13. Ra2 Ne7 14. Re1 Bf5
15. Kg1 Rad8 16. Rae2 cxd4 17. exd4 Bxd3 18. Qxd3 Qd7 19. Nh3 Ng6 20. Bg5 Rxe2
21. Rxe2 Rc8 22. Bxf6 gxf6 23. Qd2 Qf5 24. Qc2 Qxc2 25. Rxc2 Kf8 26. Kf1 Ke7
27. Ke2 Rc4 28. Kd3 Ra4 29. Ra2 h4 30. Kc2 Kd7 31. Kb3 Ra6 32. Re2 Re6 33. Rxe6
fxe6 34. g3 hxg3 35. hxg3 Ne7 36. g4 Nc6 37. f4 Ke7 38. Nf2 Na5+ 39. Kb4 Nc4
40. a4 Nd6 41. a5 b6 42. axb6 axb6 43. g5 fxg5 44. fxg5 Kf7 45. Nd3 Kg6 46.
Nf4+ Kf5 47. g6 Ne8 48. Nd3 Kxg6 49. Ne5+ Kf5 50. Nd7 Ke4 51. Nxb6 Nd6 52. Nd7
{Ke5} 1/2-1/2

[Event "Nezhmetdinov Cup 2013"]
[Site "Kazan"]
[Date "2013.06.03"]
[Round "4.3"]
[White "Azarov, Sergei"]
[Black "Gajsin, Evgenij"]
[Result "1-0"]
[WhiteElo "2629"]
[BlackElo "2457"]
[PlyCount "43"]
[EventDate "2013.??.??"]

1. e4 c5 2. Nf3 d6 3. d4 cxd4 4. Nxd4 Nf6 5. Nc3 a6 6. Bg5 Nbd7 7. f4 Qc7 8.
Qf3 g6 9. O-O-O Bg7 10. g4 O-O 11. h4 h6 12. Bxf6 Nxf6 13. f5 Nd7 14. Nd5 Qd8
15. g5 Ne5 16. Qf4 h5 17. f6 exf6 18. gxf6 Bh8 19. Be2 Be6 20. Ne7+ Kh7 21.
Bxh5 gxh5 22. Ndf5 1-0

[Event "Nezhmetdinov Cup 2013"]
[Site "Kazan"]
[Date "2013.06.03"]
[Round "4.4"]
[White "Goganov, Aleksey"]
[Black "Kokarev, Dmitry"]
[Result "1/2-1/2"]
[WhiteElo "2552"]
[BlackElo "2639"]
[PlyCount "172"]
[EventDate "2013.??.??"]

1. d4 Nf6 2. c4 g6 3. Nc3 Bg7 4. e4 d6 5. Nf3 O-O 6. Be2 c5 7. d5 e6 8. O-O Re8
9. h3 exd5 10. exd5 Bf5 11. Bd3 Ne4 12. Nxe4 Bxe4 13. Bxe4 Rxe4 14. Qd3 Re8 15.
Bg5 Qc7 16. Rae1 Nd7 17. Re2 Ne5 18. Nxe5 Rxe5 19. Rxe5 Bxe5 20. Re1 Bxb2 21.
Re7 Qb6 22. Qf3 Rf8 23. Qb3 Qxb3 24. axb3 b5 25. Rxa7 bxc4 26. bxc4 Rb8 27. Bf4
Rb4 28. Bxd6 Rxc4 29. g4 Kg7 30. Bg3 h5 31. gxh5 gxh5 32. d6 Bf6 33. Rc7 h4 34.
Bh2 Rc2 35. Bf4 Rc3 36. Kg2 c4 37. Rc6 Rd3 38. Rxc4 Kg6 39. Rc5 Bb2 40. Rc2 Ba3
41. Rc7 f6 42. d7 Be7 43. Be3 Kf5 44. Kf3 Ke6 45. Ke4 Rb3 46. Ra7 Rb5 47. Kf4
Rd5 48. Kg4 f5+ 49. Kf4 Bd8 50. Rb7 Ra5 51. Rb4 Bc7+ 52. Kf3 Kxd7 53. Rxh4 Be5
54. Rb4 Ra3 55. Kg2 Ke6 56. h4 Kf7 57. Rb5 Ke6 58. Rb6+ Kf7 59. Bg5 Ra4 60. Rb5
Ke6 61. Rb6+ Kf7 62. Rb7+ Kg6 63. Re7 Bd4 64. Kg3 Ra6 65. Bf4 Ra4 66. Bg5 Ra6
67. Rd7 Bf6 68. Bf4 Ra4 69. Rd6 Kf7 70. Rd7+ Ke6 71. Rh7 Be5 72. Rh6+ Kd5 73.
Bxe5 Kxe5 74. f3 Ra1 75. Rb6 Rg1+ 76. Kf2 Rh1 77. Rb5+ Kf6 78. Kg3 Kg6 79. Rb6+
Kg7 80. Ra6 Kf7 81. Ra4 Kg6 82. Ra6+ Kg7 83. Ra8 Kg6 84. Rg8+ Kf6 85. Rh8 Kg7
86. Rc8 Kg6 1/2-1/2

[Event "Nezhmetdinov Cup 2013"]
[Site "Kazan"]
[Date "2013.06.03"]
[Round "4.5"]
[White "Onischuk, Vladimir"]
[Black "Zakhartsov, Viacheslav"]
[Result "1/2-1/2"]
[WhiteElo "2584"]
[BlackElo "2536"]
[PlyCount "153"]
[EventDate "2013.??.??"]

1. e4 c5 2. Nf3 e6 3. b3 a6 4. Bb2 Nc6 5. c4 d5 6. cxd5 exd5 7. exd5 Nb4 8. Be2
Nf6 9. O-O Be7 10. d4 cxd4 11. Nxd4 O-O 12. Nc3 Nbxd5 13. Nxd5 Nxd5 14. Bf3 Bf6
15. Qd2 Ne7 16. Rad1 Qb6 17. Rfe1 Rd8 18. Bc3 a5 19. Qb2 Bd7 20. Ne2 Bxc3 21.
Nxc3 Be6 22. Na4 Qb4 23. Qe5 Rac8 24. Rxd8+ Rxd8 25. Nc5 Ng6 26. Qe3 Bc8 27. g3
h6 28. h4 Nf8 29. Qe7 Rd2 30. Re4 Qa3 31. Qc7 Qc1+ 32. Kg2 Bd7 33. Rf4 Rc2 34.
Rxf7 Rxc5 35. Rxf8+ Kxf8 36. Qxd7 Qe1 37. Qxb7 Qe5 38. b4 axb4 39. Qxb4 Kg8 40.
a4 Kh8 41. h5 Kg8 42. Qb6 Kf8 43. Qd8+ Qe8 44. Qd6+ Qe7 45. Qf4+ Kg8 46. Qb8+
Kf7 47. Qb3+ Kf8 48. Qb4 Re5 49. Qf4+ Qf6 50. Qg4 Qe6 51. Qd4 Qe7 52. Qd2 Qc5
53. g4 Ke7 54. Qb2 Qc7 55. Qb4+ Kf7 56. Qf4+ Ke7 57. Bd5 Kd6 58. Be4 Ke7 59.
Bf3 Rc5 60. Qb4 Kf7 61. Be4 Qe5 62. Bg6+ Ke6 63. Qb6+ Ke7 64. Qb7+ Qc7 65. Qb4
Ke6 66. Qb3+ Kd6 67. Qf3 Rc4 68. Qg3+ Kc6 69. Be8+ Kb7 70. Qf3+ Ka7 71. Bb5 Rd4
72. Qe3 Qf4 73. Qxf4 Rxf4 74. Kg3 Rb4 75. f4 Rb3+ 76. Kf2 Rc3 77. g5 1/2-1/2

[Event "Nezhmetdinov Cup 2013"]
[Site "Kazan"]
[Date "2013.06.03"]
[Round "4.7"]
[White "Maiorov, Nikita"]
[Black "Grigoriants, Sergei"]
[Result "1-0"]
[WhiteElo "2535"]
[BlackElo "2579"]
[PlyCount "111"]
[EventDate "2013.??.??"]

1. d4 Nf6 2. c4 g6 3. g3 c6 4. Bg2 d5 5. Qa4 dxc4 6. Qxc4 Bg7 7. Nf3 O-O 8. O-O
Bf5 9. Nc3 Nbd7 10. h3 Ne4 11. Qb3 Nb6 12. a4 Qd7 13. Kh2 Rac8 14. a5 Nxc3 15.
bxc3 Be6 16. Qc2 Nc4 17. Ng5 b5 18. axb6 axb6 19. Rd1 Na5 20. Nxe6 Qxe6 21. Ra4
c5 22. d5 Qf6 23. c4 Rfe8 24. Ra3 Nb7 25. Rb3 Ra8 26. f4 Na5 27. Ra3 Rad8 28.
Rad3 Rb8 29. e4 b5 30. cxb5 Rxb5 31. e5 Qb6 32. d6 c4 33. Ra3 exd6 34. Rxd6 Qc7
35. Bd2 Reb8 36. Rxa5 Rxa5 37. Rc6 Qa7 38. Bxa5 Qxa5 39. Qxc4 Qb4 40. Qd5 Qe7
41. Rd6 g5 42. Rd7 Qe8 43. fxg5 Bxe5 44. h4 Bg7 45. h5 Qe6 46. h6 Qxd5 47. Bxd5
Bb2 48. Rxf7 Kh8 49. Be4 Kg8 50. Rc7 Rb5 51. Bxh7+ Kf8 52. Rc8+ Ke7 53. Rg8 Bc1
54. Bg6 Rxg5 55. h7 Bb2 56. Kh3 {Ke8} 1-0

[Event "Nezhmetdinov Cup 2013"]
[Site "Kazan"]
[Date "2013.06.03"]
[Round "4.8"]
[White "Shariyazdanov, Andrey"]
[Black "Shinkevich, Vitaly"]
[Result "1-0"]
[WhiteElo "2579"]
[BlackElo "2478"]
[PlyCount "47"]
[EventDate "2013.??.??"]

1. Nf3 c5 2. c4 Nc6 3. Nc3 e5 4. e3 Nf6 5. d4 cxd4 6. exd4 e4 7. Ne5 Bd6 8. c5
Bb8 9. Nc4 O-O 10. d5 Ne5 11. d6 Qe8 12. Bg5 b6 13. Bxf6 gxf6 14. Qd5 Nc6 15.
O-O-O Qe6 16. Qxe4 f5 17. Qf4 bxc5 18. Bd3 Nd4 19. Rhe1 Qg6 20. Re3 Kh8 21.
Qe5+ Qg7 22. Qd5 Nc6 23. Qxf5 Ba6 24. Rh3 1-0

[Event "Nezhmetdinov Cup 2013"]
[Site "?"]
[Date "2013.06.03"]
[Round "4.10"]
[White "Smirnov, Alexey"]
[Black "Maletin, Pavel"]
[Result "1/2-1/2"]
[WhiteElo "2413"]
[BlackElo "2611"]
[PlyCount "126"]
[EventDate "2013.06.03"]

1. d4 Nf6 2. c4 g6 3. Nc3 d5 4. Nf3 Bg7 5. Bf4 O-O 6. e3 c5 7. dxc5 Ne4 8. Rc1
Nd7 9. cxd5 Qa5 10. Nd4 Nxc3 11. bxc3 Nxc5 12. Bc4 Bd7 13. O-O Na4 14. Qb3 Nb6
15. Bc7 Ba4 16. Qb1 Qc5 17. Bxb6 Qxc4 18. Ba5 Qxd5 19. Bb4 Rfe8 20. c4 Qd7 21.
Nb3 Qc7 22. Rfd1 b6 23. c5 bxc5 24. Bxc5 Qb7 25. e4 Bh6 26. Rc4 Qa6 27. Rcd4
Rab8 28. h3 Bg7 29. R4d2 Qb7 30. Qd3 Qc7 31. Qe3 Rb7 32. Bd4 Bxb3 33. axb3 Reb8
34. Bxg7 Kxg7 35. Rd3 Qe5 36. Rd7 Rb4 37. Qxa7 Re8 38. Qa1 Qxa1 39. Rxa1 Rxe4
40. Kf1 Rb8 41. Re1 Rxe1+ 42. Kxe1 e5 43. Rd3 e4 44. Rc3 f5 45. Ke2 Kf6 46. Ke3
Ke5 47. g3 Rb5 48. h4 h6 49. Ke2 g5 50. hxg5 hxg5 51. f3 Kd4 52. Rc4+ Kd5 53.
fxe4+ fxe4 54. Ra4 Rxb3 55. Ra5+ Kd4 56. Rxg5 Rb2+ 57. Kf1 Ke3 58. Ra5 Rb1+ 59.
Kg2 Kd2 60. Ra2+ Ke1 61. g4 Rb8 62. Ra1+ Ke2 63. Ra2+ Ke1 1/2-1/2

[Event "Nezhmetdinov Cup 2013"]
[Site "?"]
[Date "2013.06.03"]
[Round "4.11"]
[White "Durarbayli, Vasif"]
[Black "Arslanov, Shamil"]
[Result "0-1"]
[WhiteElo "2597"]
[BlackElo "2391"]
[PlyCount "120"]
[EventDate "2013.06.03"]

1. e4 c6 2. Nc3 d5 3. Nf3 Bg4 4. h3 Bh5 5. d4 dxe4 6. Nxe4 Nd7 7. Ng3 Bg6 8. h4
h6 9. h5 Bh7 10. Bd3 Bxd3 11. Qxd3 e6 12. Bd2 Ngf6 13. O-O-O Be7 14. Ne4 O-O
15. Nxf6+ Nxf6 16. Rh4 c5 17. Kb1 cxd4 18. g4 Ne4 19. Rh2 Nc5 20. Qxd4 Qxd4 21.
Nxd4 Rad8 22. c3 Bf6 23. Nb3 Nxb3 24. axb3 Rd3 25. Kc2 Rfd8 26. Rhh1 a6 27. f4
R8d7 28. Rhg1 Bd8 29. g5 Bb6 30. Rge1 Rh3 31. Rh1 Rg3 32. Bc1 Rg2+ 33. Kb1 Rxd1
34. Rxd1 Rg1 35. Rxg1 Bxg1 36. Kc2 hxg5 37. fxg5 f5 38. Bf4 g6 39. h6 Bb6 40.
Kd3 Bd8 41. Kd4 e5+ 42. Kxe5 Bc7+ 43. Kf6 Bxf4 44. Kxg6 Bc1 45. Kxf5 Bxb2 46.
c4 Bc1 47. Kf6 a5 48. Kg6 b6 49. Kf6 Kf8 50. Kg6 Ke7 51. Kf5 Kf7 52. g6+ Ke7
53. h7 Bb2 54. Ke4 Ke6 55. Kd3 Kf5 56. Kc2 Bf6 57. b4 axb4 58. Kb3 Kxg6 59.
Kxb4 Kxh7 60. c5 Be7 0-1

[Event "Nezhmetdinov Cup 2013"]
[Site "?"]
[Date "2013.06.03"]
[Round "4.12"]
[White "Fedorov, Alexei"]
[Black "Ovod, Evgenija"]
[Result "1-0"]
[WhiteElo "2591"]
[BlackElo "2387"]
[PlyCount "59"]
[EventDate "2013.06.03"]

1. e4 e5 2. Nf3 Nc6 3. Bb5 Nf6 4. d3 Bc5 5. c3 O-O 6. Bg5 h6 7. Bh4 Re8 8. Nbd2
a6 9. Ba4 Ba7 10. g4 d5 11. exd5 e4 12. dxe4 Bxg4 13. dxc6 Nxe4 14. O-O Qxh4
15. Nxh4 Bxd1 16. cxb7 Rad8 17. Bxe8 Nxf2 18. Rxf2 Bh5 19. Nb3 Rxe8 20. Nd4 Rb8
21. b4 Rxb7 22. Nhf5 c5 23. bxc5 Bxc5 24. Re1 Kh7 25. Re5 Rb1+ 26. Kg2 Bb6 27.
Nxg7 Bg6 28. Ne8 Rc1 29. Nf6+ Kg7 30. Nd5 1-0

[Event "Nezhmetdinov Cup 2013"]
[Site "?"]
[Date "2013.06.03"]
[Round "4.16"]
[White "Chistiakova, Tamara"]
[Black "Lintchevski, Daniil"]
[Result "0-1"]
[WhiteElo "2314"]
[BlackElo "2526"]
[PlyCount "154"]
[EventDate "2013.06.03"]

1. d4 Nf6 2. Nf3 e6 3. g3 b5 4. Bg2 Bb7 5. O-O c5 6. b3 cxd4 7. Bb2 Be7 8. Qxd4
O-O 9. a3 a6 10. Nbd2 Nc6 11. Qd3 d5 12. b4 Qc7 13. Qc3 a5 14. bxa5 Rfc8 15.
Rfc1 Qxa5 16. Qe3 Qa7 17. Nd4 Nxd4 18. Bxd4 Qa4 19. Nb3 Rc4 20. Bb2 Rac8 21.
Qd3 h6 22. e3 Ne4 23. Bxe4 dxe4 24. Qd7 R4c7 25. Qd4 Bf6 26. Qxa4 bxa4 27. Nd4
Ba6 28. c4 Bxc4 29. Rc2 e5 30. Ne2 Bxe2 31. Rxe2 Rc2 32. Rxc2 Rxc2 33. Rb1 Kh7
34. Kf1 Kg6 35. Ke1 Kf5 36. h3 h5 37. Bc1 Be7 38. Bd2 Rc4 39. Bb4 Bxb4+ 40.
axb4 Ke6 41. b5 Kd7 42. b6 Kc8 43. b7+ Kb8 44. Kd2 Rc6 45. Rb4 Rf6 46. Rxa4
Rxf2+ 47. Ke1 Rf3 48. Rxe4 f6 49. Rh4 Rxe3+ 50. Kf2 Rd3 51. Rxh5 Kxb7 52. Rh7
Rd7 53. h4 Kc6 54. h5 f5 55. Ke3 Rb7 56. h6 gxh6 57. Rxh6+ Kd5 58. Ra6 Rb3+ 59.
Kf2 Ke4 60. Ra2 Kd3 61. Re2 Rb5 62. Re3+ Kd4 63. Re2 e4 64. Rd2+ Ke5 65. Ra2
Rc5 66. Rb2 Ra5 67. Rc2 Kf6 68. Kg2 Kg5 69. Rc8 Ra2+ 70. Kh3 e3 71. Rc3 e2 72.
Re3 Kf6 73. Re8 Rc2 74. g4 f4 75. Re4 Rc3+ 76. Kh4 Re3 77. g5+ Kf5 0-1

[Event "Nezhmetdinov Cup 2013"]
[Site "?"]
[Date "2013.06.03"]
[Round "4.17"]
[White "Voitsekhovsky, Stanislav"]
[Black "Faizrakhmanov, Ramil"]
[Result "0-1"]
[WhiteElo "2523"]
[BlackElo "2317"]
[PlyCount "49"]
[EventDate "2013.06.03"]

1. e4 c6 2. Nc3 d5 3. Qe2 dxe4 4. Nxe4 Bf5 5. d3 e6 6. g4 Bg6 7. Bg2 Be7 8. Bd2
h5 9. h3 Nd7 10. O-O-O Qc7 11. f4 hxg4 12. hxg4 Rxh1 13. Bxh1 O-O-O 14. Nh3 Nc5
15. Nxc5 Bxc5 16. Ng5 Nf6 17. Rf1 Qd7 18. Qf3 Rh8 19. Bg2 Rh4 20. f5 exf5 21.
gxf5 Bh5 22. Qg3 Ra4 23. Ne4 Nxe4 24. Bxe4 f6 25. a3 {phone} 0-1

[Event "Nezhmetdinov Cup 2013"]
[Site "?"]
[Date "2013.06.03"]
[Round "4.19"]
[White "Atalik, Ekaterina"]
[Black "Salakhutdinov, Ildar"]
[Result "0-1"]
[WhiteElo "2455"]
[BlackElo "2293"]
[PlyCount "96"]
[EventDate "2013.06.03"]

1. d4 Nf6 2. c4 e6 3. Nc3 Bb4 4. e3 c5 5. Nge2 cxd4 6. exd4 d5 7. a3 Be7 8. Nf4
dxc4 9. Bxc4 O-O 10. O-O a6 11. Ba2 Nc6 12. Be3 Bd6 13. Nh5 Ne8 14. Rc1 Kh8 15.
Re1 Bd7 16. Ne4 Ne7 17. Nxd6 Nxd6 18. Bf4 Bc6 19. Bb1 Ndf5 20. Qg4 Qd7 21. Qh3
Ng6 22. Rcd1 Rad8 23. Bg5 f6 24. Bc1 Bd5 25. Bd2 Kg8 26. Bc3 Rfe8 27. Rd2 Qf7
28. f3 Nd6 29. Rde2 f5 30. Qg3 Nb5 31. Nf4 Nxf4 32. Qxf4 Nxc3 33. bxc3 Rc8 34.
Re3 h6 35. Qe5 Rf8 36. Qd6 Rc6 37. Qb4 Qc7 38. Qb2 Rb6 39. Qd2 Qc4 40. g4 fxg4
41. fxg4 Rf4 42. h3 Qc7 43. Qc2 Rf6 44. Re5 Rxb1 45. Rxb1 Rf3 46. Rf1 Rxh3 47.
c4 Rh1+ 48. Kf2 Rh2+ 0-1